Human parasitology / (Record no. 18689)
[ view plain ]
| 000 -LEADER | |
|---|---|
| fixed length control field | 01074cam a22003134a 4500 |
| 001 - CONTROL NUMBER | |
| control field | 17146985 |
| 005 - DATE AND TIME OF LATEST TRANSACTION | |
| control field | 20141130152022.0 |
| 008 - FIXED-LENGTH DATA ELEMENTS--GENERAL INFORMATION | |
| fixed length control field | 120202t2013 xxua frbd 001 0 eng d |
| 010 ## - LIBRARY OF CONGRESS CONTROL NUMBER | |
| LC control number | 2011053044 |
| 020 ## - INTERNATIONAL STANDARD BOOK NUMBER | |
| International Standard Book Number | 9780124159150 (alk. paper) |
| 040 ## - CATALOGING SOURCE | |
| Original cataloging agency | DLC |
| Transcribing agency | DLC |
| Modifying agency | EG-ScBUE |
| 082 00 - DEWEY DECIMAL CLASSIFICATION NUMBER | |
| Classification number | 616.96 |
| Edition number | 22 |
| Item number | BOG |
| 100 1# - MAIN ENTRY--PERSONAL NAME | |
| Personal name | Bogitsh, Burton J. |
| Fuller form of name | (Burton Jerome) |
| 9 (RLIN) | 36710 |
| 245 10 - TITLE STATEMENT | |
| Title | Human parasitology / |
| Statement of responsibility, etc | Burton J. Bogitsh, Clint E. Carter, Thomas N. Oeltmann. |
| 250 ## - EDITION STATEMENT | |
| Edition statement | 4th ed. |
| 260 ## - PUBLICATION, DISTRIBUTION, ETC. (IMPRINT) | |
| Place of publication, distribution, etc | Waltham, United States ; |
| -- | Oxford, United Kingdom : |
| Name of publisher, distributor, etc | Academic Press, |
| -- | Elsevier, |
| Date of publication, distribution, etc | c.2013. |
| 300 ## - PHYSICAL DESCRIPTION | |
| Extent | xvi, 430 p. : |
| Other physical details | ill. ; |
| Dimensions | 25 cm. |
| 500 ## - GENERAL NOTE | |
| General note | Glossary : p. 381-395. |
| 500 ## - GENERAL NOTE | |
| General note | Includes appendixes. |
| 500 ## - GENERAL NOTE | |
| General note | Index : p. 413-430. |
| 504 ## - BIBLIOGRAPHY, ETC. NOTE | |
| Bibliography, etc | Includes bibliographical references. |
| 650 #0 - SUBJECT ADDED ENTRY--TOPICAL TERM | |
| Topical term or geographic name as entry element | Medical parasitology |
| 9 (RLIN) | 36711 |
| 650 #0 - SUBJECT ADDED ENTRY--TOPICAL TERM | |
| Topical term or geographic name as entry element | Parasitic diseases |
| 9 (RLIN) | 36712 |
| 653 ## - INDEX TERM--UNCONTROLLED | |
| Resource For college | Pharmacy |
| Arrived date list | November2014 |
| 655 ## - INDEX TERM--GENRE/FORM | |
| Form subdivision | |
| -- | 34232 |
| 700 1# - ADDED ENTRY--PERSONAL NAME | |
| Personal name | Carter, Clint E. |
| Fuller form of name | (Clint Earl) |
| 9 (RLIN) | 36713 |
| 700 1# - ADDED ENTRY--PERSONAL NAME | |
| Personal name | Oeltmann, Thomas N. |
| 9 (RLIN) | 36714 |
| 942 ## - ADDED ENTRY ELEMENTS (KOHA) | |
| Source of classification or shelving scheme | Dewey Decimal Classification |
| Call number prefix | 616.96 BOG |
| Withdrawn status | Item status | Source of classification or shelving scheme | Damaged status | Not for loan | Vendor | Home library | Current library | Shelving location | Date acquired | Source of acquisition | Cost, normal purchase price | Serial Enumeration / chronology | Total Checkouts | Total Renewals | Full call number | Barcode | Date last seen | Date last borrowed | Cost, replacement price | Koha item type |
|---|---|---|---|---|---|---|---|---|---|---|---|---|---|---|---|---|---|---|---|---|
| Dewey Decimal Classification | Baccah | Central Library | Central Library | First floor | 30/11/2014 | 904.00 | 20677 | 2 | 3 | 616.96 BOG | 000037070 | 15/07/2025 | 03/10/2019 | 1130.00 | Book - Borrowing |